| 000 | 00871nac a22002051u 4500 | ||
|---|---|---|---|
| 010 | _a 89049219 | ||
| 020 | _a0807612308 : | ||
| 082 | 0 | 0 |
_a759.9520903 _bMUR |
| 090 |
_c8556 _d8556 |
||
| 100 | _aMurase, Miyeko. | ||
| 245 | 1 | 0 |
_aMasterpieces of Japanese screen painting : the American collections / _bthe American collections / _cintroductory essay and commentaries by Miyeko Murase. |
| 260 |
_aNew York : _bG. Braziller,1990 _cc1990. |
||
| 300 |
_a232 p. : _bill. (some col.) ; _c32 x 36 cm. |
||
| 500 | _aDistributer: Al-Ahram | ||
| 504 | _aIncludes bibliographical references and indexes. | ||
| 511 | _aCatalogued by: Sara | ||
| 650 | 0 |
_aScreen painting, Japanese _yKamakura-Momoyama periods, 1185-1600 _xCatalogs. |
|
| 650 | 0 |
_aScreen painting, Japanese _yEdo period, 1600-1868 _xCatalogs. |
|
| 942 |
_cBB _k759.9520903MUR |
||
| 999 |
_c8556 _d8556 |
||